Participants connus au Royaume des Duellistes dans Yu-Gi-Oh! - Statistiques

Statistiques générales
  • Ce quiz a été pris 10 fois
  • Le résultat moyen est 9 sur 10
Statistiques - réponses
Participants au Royaume des Duellistes % Correct
Insector Haga
100%
Joey Wheeler
100%
Mai Valentine
100%
Rex Raptor
100%
Seto Kaiba
100%
Yugi Muto
100%
Bandit Ken
78%
Mako Tsunami
78%
Makuba Kaiba
78%
Bonz
67%
Aucun quiz correspondant
Distribution des résultats
% des personnes avec chaque résultat
Percentile par nombre de réponses
Votre historique - résultats
Vous n’avez pas pris ce quiz